Algebra multilinear e variedades diferenciaveis /
Guardado en:
| Autor Principal: | |
|---|---|
| Autor Corporativo: | |
| Otros Autores: | , |
| Formato: | Libro |
| Idioma: | Portuguese |
| Publicado: |
São Paulo :
Conselho Nacional de Pesquisas,
1957.
|
| Etiquetas: |
Agregar Etiqueta
Sin Etiquetas, Sea el primero en etiquetar este registro!
|
| LEADER | 00761nam a22001815a 4500 | ||
|---|---|---|---|
| 001 | MAT.inmabb000472 | ||
| 008 | 031125s1957####bl############100#0#por#d | ||
| 005 | 20170731130804.0 | ||
| 245 | 1 | 0 | |a Algebra multilinear e variedades diferenciaveis / |c Chaim Samuel Honig ; redigido por Leo Huet Amaral, Nelson Onuchic. |
| 260 | |a São Paulo : |b Conselho Nacional de Pesquisas, |c 1957. | ||
| 300 | |a 31, 94 h. ; |c 25 cm. | ||
| 500 | |a Primeiro "Colloquium" Brasileiro de Matemática, Poços de Caldas, Julho 1957. | ||
| 100 | 1 | |a Hönig, Chaim Samuel. | |
| 700 | 1 | |a Amaral, Leo Huet. |4 xxx | |
| 700 | 1 | |a Onuchic, Nelson. |4 xxx | |
| 711 | 2 | |a Colloquium Brasileiro de Matemática |n (1º : |d 1957 : |c Poços de Caldas) | |
| 084 | |a 15-XX |a 53-XX |2 msc2000 | ||
| 859 | |h 15 |i H773 |p A-250 |b BIB. MATEMATICA | ||
